000 00229nam a22000857a 4500
008 160827b xxu||||| |||| 00| 0 eng d
100 _9247
_aRangarajan R
245 _aTogether with Science-X
260 _aNew Delhi
_bR.S publication
_c2009
999 _c2903
_d2903